Largest African-American Immigrant Groups - Statistics

General Stats
  • This quiz has been taken 222 times
  • The average score is 12 of 14
Answer Stats
# of Residents Answer % Correct
597,203 Nigerian
99%
62,819 South African
97%
280,606 Egyptian
94%
280,592 Ethiopian
94%
72,747 Congolese(both Congos)
93%
165,105 Somali
92%
102,515 Kenyan
91%
118,103 Moroccan
90%
186,035 Ghanaian
89%
59,185 Sudanese
87%
74,880 Cameroonian
80%
86,106 Liberian
74%
55,868 Eritrean
66%
98,546 Cape Verdean
43%
No matching quizzes found
Score Distribution
Percent of People with Each Score
Percentile by Number Answered
Your Score History
You have not taken this quiz